The diet therapy of disease, (Record no. 90390)

MARC details
000 -LEADER
fixed length control field 00694cam a22002291 4500
001 - CONTROL NUMBER
control field sg 44000134
003 - CONTROL NUMBER IDENTIFIER
control field DLC
005 - DATE AND TIME OF LATEST TRANSACTION
control field 20260227112743.0
008 - FIXED-LENGTH DATA ELEMENTS--GENERAL INFORMATION
fixed length control field 800627s1944 nyuf b 000 0 eng c
010 ## - LIBRARY OF CONGRESS CONTROL NUMBER
LC control number sg 44000134
035 ## - SYSTEM CONTROL NUMBER
System control number (OCoLC)6469081
040 ## - CATALOGING SOURCE
Original cataloging agency U.S. Surg.-gen. off. Libr.
Transcribing agency TxCM
Modifying agency DLC
042 ## - AUTHENTICATION CODE
Authentication code premarc
050 00 - LIBRARY OF CONGRESS CALL NUMBER
Classification number RM216
Item number .P4
082 ## - DEWEY DECIMAL CLASSIFICATION NUMBER
Classification number 613.23
100 1# - MAIN ENTRY--PERSONAL NAME
Personal name Pelner, Louis,
Dates associated with a name 1907-
245 14 - TITLE STATEMENT
Title The diet therapy of disease,
Remainder of title a handbook of practical nutrition,
Statement of responsibility, etc. by Louis Pelner ...
260 ## - PUBLICATION, DISTRIBUTION, ETC.
Place of publication, distribution, etc. New York, N.Y.,
Name of publisher, distributor, etc. Personal diet service,
Date of publication, distribution, etc. 1944.
300 ## - PHYSICAL DESCRIPTION
Extent 143, [2] p.
Other physical details plates.
Dimensions 29 x 22 cm.
504 ## - BIBLIOGRAPHY, ETC. NOTE
Bibliography, etc. note "References": p. 137-143.
650 #0 - SUBJECT ADDED ENTRY--TOPICAL TERM
Topical term or geographic name entry element Diet in disease.

No items available.

Powered by Koha